MARC

LEADER 00000cas a2200000 a 4500
001 vtls001475987
003 SK-MaSNL
005 20260228160739.0
008 040603c19669999xo fr p 0 0b0slo
022 |a 0231-6722 
035 |a SNK000431288 
035 |a (SVKBB03)vtls000047219 
040 |a SNK  |b slo  |c SNK  |d SAVUK  |d SVKPO  |e AACR2 
041 0 |a slo  |b eng  |b fre 
044 |a xo  |c SK 
072 7 |a 930  |x Historická veda. Pomocné vedy historické. Archívnictvo  |2 konspekt 
080 |a 050  |2 2001 
080 |a 930.25  |2 2001 
080 |a (051)-027.561  |2 2001 
210 0 |a Slov. archiv. 
222 0 |a Slovenská archivistika 
245 0 0 |a Slovenská archivistika 
260 |a Bratislava  |b Slovenská archívna správa  |c 1966-2013, 2020- 
260 2 |3 1972-1975  |a Bratislava  |b Slovenská archívna správa Ministerstva vnútra Slovenskej socialistickej republiky 
260 2 |3 1976-1979  |a Bratislava  |b Archívna správa Ministerstva vnútra Slovenskej socialistickej republiky 
260 2 |3 1980-1999  |a Bratislava  |b Štatistické a evidenčné vydavateľstvo tlačív 
260 2 |3 1999-2002  |a Bratislava  |b Odbor archívnictva a spisovej služby Ministerstva vnútra Slovenskej republiky 
260 2 |3 2003-[2009]  |a Bratislava  |b Odbor archívov a registratúr Ministerstva vnútra Slovenskej republiky 
260 3 |3 [2010]-2013  |a Bratislava  |b Odbor archívov Ministerstva vnútra Slovenskej republiky 
260 3 |3 2020-  |a Bratislava  |b Odbor archívov a registratúr Ministerstva vnútra Slovenskej republiky  |b Slovenský národný archív 
300 |a zv.  |c 25 cm 
310 |a 2x ročne 
362 0 |a Roč. 1, č. 1 (1966)-roč. 48, č. 2 (2013) ; roč. 50, č. 1 (2020)- 
500 |a Evidenčné č.: EV 140/08 
500 |a 1980-1992 vydáva Archívna správa MV SSR v Štatistickom a evidenčnom vydavateľstve tlačív, Bratislava 
500 |a 1993-1995 vydáva Odbor archívnictva MV SR v Štatistickom a evidenčnom vydavateľstve tlačív, Bratislava 
500 |a 1996-1999 vydáva Ministerstvo vnútra SR, odbor archívnictva a spisovej služby, Bratislava v ŠEVT, Bratislava 
650 0 7 |a archívnictvo  |2 SNKPH  |9 4219 
650 0 7 |a Keeping archives  |2 SNKPHeng  |9 265334 
655 7 |a Professional journals  |2 SNKPHeng  |9 265007 
655 7 |a odborné časopisy  |2 SNKPH  |9 70505 
710 1 |a Slovensko.  |b Ministerstvo vnútra.  |b Sekcia verejnej správy.  |b Odbor archívov  |4 pbl 
852 |a Štátna vedecká knižnica v Banskej Bystrici 
910 |a savuk 
910 |a snk 
916 |a 1966-2012 
999 |c 3529  |d 5459 
952 |0 0  |1 0  |4 0  |7 0  |a SNK  |b SNK  |d 1997-02-13  |l 0  |o snkČSC 1248/25/1990 D1  |p 17A0038076  |r 2005-01-02 00:00:00  |t č. 1-2  |w 2026-02-21  |y PREZ 
952 |0 0  |1 0  |4 0  |7 0  |a SNK  |b SNK  |d 2001-03-05  |f 1  |l 0  |o snkČSC 1248/25/1990  |p 17A0267547  |r 2005-01-02 00:00:00  |t č. 1-2  |w 2026-02-21  |y PREZ 
952 |0 0  |1 0  |4 0  |7 0  |8 0  |a SNK  |b SNK  |d 2003-04-29  |i snkČSP 5849/93  |l 0  |o snkČSC 1248/27/1992 D1  |p 17A0381545  |r 2005-01-02 00:00:00  |t č. 1-2  |w 2026-02-21  |y PREZ  |z č. 1-2 
952 |0 0  |1 0  |4 0  |7 0  |a SNK  |b SNK  |d 1997-03-04  |f 1  |l 0  |o snkČSC 1248/24/1989  |p 17A0051933  |r 2005-01-02 00:00:00  |t č. 1-2  |w 2026-02-21  |y PREZ 
952 |0 0  |1 0  |4 0  |7 0  |a SNK  |b SNK  |d 2001-09-21  |l 0  |o snkČSC 1248/24/1989 D1  |p 17A0315323  |r 2005-01-02 00:00:00  |t č. 1-2  |w 2026-02-21  |y PREZ 
952 |0 0  |1 0  |4 0  |7 0  |8 0  |a SNK  |b SNK  |d 1997-04-04  |f 1  |i snkČSP 1141/80  |l 0  |o snkČSC 1248/14/1979  |p 17A0594060  |r 2005-01-02 00:00:00  |t č. 1-2  |w 2026-02-21  |y PREZ 
952 |0 0  |1 0  |4 0  |7 0  |a SNK  |b SNK  |d 2003-01-29  |l 0  |o snkČSC 1248/14/1979 D1  |p 17A0370800  |r 2005-01-02 00:00:00  |t č. 1-2  |w 2026-02-21  |y PREZ 
952 |0 0  |1 0  |4 0  |7 0  |a SNK  |b SNK  |d 2000-01-10  |f 1  |l 0  |o snkČSC 1248/15/1980  |p 17A0223126  |r 2005-01-02 00:00:00  |t č. 1-2  |w 2026-02-21  |y PREZ 
952 |0 0  |1 0  |4 0  |7 0  |8 0  |a SNK  |b SNK  |d 2001-01-10  |i snkČSP 1453/81  |l 0  |o snkČSC 1248/15/1980 D1  |p 17A0597084  |r 2005-01-02 00:00:00  |t č. 1-2  |w 2026-02-21  |y PREZ 
952 |0 0  |1 0  |4 0  |7 0  |8 0  |a SNK  |b SNK  |d 2015-06-19  |i snk2015/19160  |l 0  |o snkČSC 1248/47/2012 D1  |p 17A1144240  |r 2026-02-21 19:34:31  |t č. 1-2  |w 2026-02-21  |y PREZ 
952 |0 0  |1 0  |4 0  |7 0  |8 0  |a SNK  |b SNK  |d 2015-06-19  |f 1  |i snk2015/19166  |l 0  |o snkČSC 1248/48/2013  |p 17A1144239  |r 2026-02-21 19:34:34  |t č. 1-2  |w 2026-02-21  |y PREZ 
952 |0 0  |1 0  |4 0  |7 0  |a SNK  |b SNK  |d 1997-07-02  |l 0  |o snkČSC 1248/28/1993 D1  |p 17A0077148  |r 2005-01-02 00:00:00  |t č. 1-2  |w 2026-02-21  |y PREZ 
952 |0 0  |1 0  |4 0  |7 0  |a SNK  |b SNK  |d 1998-01-20  |f 1  |l 0  |o snkČSC 1248/28/1993  |p 17A0119173  |r 2005-01-02 00:00:00  |t č. 1-2  |w 2026-02-21  |y PREZ 
952 |0 0  |1 0  |4 0  |7 0  |a SNK  |b SNK  |d 2001-01-03  |l 0  |o snkČSC 1248/22/1987 D1  |p 17A0263748  |r 2005-01-02 00:00:00  |t č. 1-2  |w 2026-02-21  |y PREZ 
952 |0 0  |1 0  |4 0  |7 0  |8 0  |a SNK  |b SNK  |d 2004-06-03  |f 1  |i snk2011/7898  |l 0  |o snkČSC 1248/41/2006  |p 17A0679461  |r 2005-01-02 00:00:00  |t č. 1-2  |w 2026-02-21  |y PREZ 
952 |0 0  |1 0  |4 0  |7 0  |8 0  |a SNK  |b SNK  |d 2004-06-03  |f 1  |i snk2011/7974  |l 0  |o snkČSC 1248/42/2007  |p 17A0679463  |r 2005-01-02 00:00:00  |t č. 1-2  |w 2026-02-21  |y PREZ 
952 |0 0  |1 0  |4 0  |7 0  |8 0  |a SNK  |b SNK  |d 2004-11-19  |f 1  |i snk2011/7978  |l 0  |o snkČSC 1248/44/2009  |p 17A0679467  |r 2005-01-02 00:00:00  |t č. 1-2  |w 2026-02-21  |y PREZ 
952 |0 0  |1 0  |4 0  |7 0  |8 0  |a SNK  |b SNK  |d 2004-11-18  |f 1  |i snk2011/7976  |l 0  |o snkČSC 1248/43/2008  |p 17A0679465  |r 2005-01-02 00:00:00  |t č. 1-2  |w 2026-02-21  |y PREZ 
952 |0 0  |1 0  |4 0  |7 0  |a SNK  |b SNK  |d 2014-02-04  |f 1  |i snkČSP 1280/73  |l 0  |o snkČSC 1248/7/1972   |p 17A0814601  |r 2026-02-21 19:43:57  |t č. 1-2  |w 2026-02-21  |y PREZ 
952 |0 0  |1 0  |4 0  |7 0  |a SNK  |b SNK  |d 2014-02-04  |f 1  |i snkČSP 706/80  |l 0  |o snkČSC 1248/13/1978   |p 17A0814602  |r 2026-02-21 19:43:57  |t č. 1-2  |w 2026-02-21  |y PREZ 
952 |0 0  |1 0  |4 0  |7 0  |a SNK  |b SNK  |d 2006-05-22  |i snkČSP 42/75  |l 0  |o snkČSC 1248/8/1973 D1  |p 17A0507607  |r 2026-02-21 19:52:25  |t č. 1-2  |w 2026-02-21  |y PREZ 
952 |0 0  |1 0  |4 0  |7 0  |a SNK  |b SNK  |d 2010-12-10  |i snkČSP 603/70  |l 0  |o snkČSC 1248/3/1968 D1  |p 17A0677482  |r 2026-02-21 19:56:13  |t č. 1-2  |w 2026-02-21  |y PREZ 
952 |0 0  |1 0  |4 0  |7 0  |a SNK  |b SNK  |d 2010-12-10  |i snkČSP 4948/87  |l 0  |o snkČSC 1248/21/1986 D1  |p 17A0677702  |r 2026-02-21 19:56:13  |t č. 1-2  |w 2026-02-21  |y PREZ 
952 |0 0  |1 0  |4 0  |7 0  |8 0  |a SNK  |b SNK  |d 2011-05-20  |i snk2011/11665  |l 0  |o snkČSC 1248/42/2007 D1  |p 17A0679464  |r 2026-02-21 20:06:16  |t č. 1-2  |w 2026-02-21  |y PREZ 
952 |0 0  |1 0  |4 0  |7 0  |8 0  |a SNK  |b SNK  |d 2011-05-20  |i snk2011/11666  |l 0  |o snkČSC 1248/43/2008 D1  |p 17A0679466  |r 2026-02-21 20:06:16  |t č. 1-2  |w 2026-02-21  |y PREZ 
952 |0 0  |1 0  |4 0  |7 0  |8 0  |a SNK  |b SNK  |d 2011-05-20  |i snk2011/11664  |l 0  |o snkČSC 1248/41/2006 D1  |p 17A0679462  |r 2026-02-21 20:07:17  |t č. 1-2  |w 2026-02-21  |y PREZ 
952 |0 0  |1 0  |4 0  |7 0  |a SNK  |b SNK  |d 2003-09-18  |f 1  |i snkČSP 1355/2002  |l 0  |o snkČSC 1248/35/2000  |p 17A0397545  |r 2005-01-02 00:00:00  |t č. 1-2  |w 2026-02-21  |y PREZ  |z č. 1-2 
952 |0 0  |1 0  |4 0  |7 0  |a SNK  |b SNK  |d 2001-04-02  |l 0  |o snkČSC 1248/7/1972 D1  |p 17A0294629  |r 2005-01-02 00:00:00  |t č. 1-2  |w 2026-02-21  |y PREZ 
952 |0 0  |1 0  |4 0  |7 0  |a SNK  |b SNK  |d 1999-01-04  |f 1  |l 0  |o snkČSC 1248/30/1995  |p 17A0155298  |r 2005-01-02 00:00:00  |t č. 1-2  |w 2026-02-21  |y PREZ 
952 |0 0  |1 0  |4 0  |7 0  |8 0  |a SNK  |b SNK  |d 2013-09-20  |i snk2013/22058  |l 0  |o snkČSC 1248/46/2011 D1  |p 17A1085755  |r 2026-02-21 20:20:13  |t č. 1-2  |w 2026-02-21  |y PREZ 
952 |0 0  |1 0  |4 0  |7 0  |a SNK  |b SNK  |d 1997-07-29  |f 1  |l 0  |o snkČSC 1248/29/1994  |p 17A0086899  |r 2005-01-02 00:00:00  |t č. 1-2  |w 2026-02-21  |y PREZ 
952 |0 0  |1 0  |4 0  |7 0  |a SNK  |b SNK  |d 1998-03-27  |i snkČSP 521/97  |l 0  |o snkČSC 1248/29/1994 D1  |p 17A0131497  |r 2005-01-02 00:00:00  |t č. 1-2  |w 2026-02-21  |y PREZ 
952 |0 0  |1 0  |4 0  |7 0  |a SNK  |b SNK  |d 2000-05-11  |f 1  |l 0  |o snkČSC 1248/22/1987  |p 17A0238544  |r 2005-01-02 00:00:00  |t č. 1-2  |w 2026-02-21  |y PREZ 
952 |0 0  |1 0  |4 0  |7 0  |a SNK  |b SNK  |d 2011-05-27  |f 1  |i snkČSP 1357/2002  |l 0  |o snkČSC 1248/34/1999   |p 17A0699805  |r 2026-02-21 20:32:03  |t č. 1-2  |w 2026-02-21  |y PREZ 
952 |0 0  |1 0  |4 0  |7 0  |a SNK  |b SNK  |d 1997-09-30  |i snkČSP 708/68  |l 0  |o snkČSC 1248/2/1967 D1  |p 17A0099423  |r 2005-01-02 00:00:00  |t č. 1-2  |w 2026-02-21  |y PREZ 
952 |0 0  |1 0  |4 0  |7 0  |a SNK  |b SNK  |d 1999-08-23  |f 1  |i snkČSP 306/69  |l 0  |o snkČSC 1248/2/1967  |p 17A0207984  |r 2005-01-02 00:00:00  |t č. 1-2  |w 2026-02-21  |y PREZ 
952 |0 0  |1 0  |4 0  |7 0  |a SNK  |b SNK  |d 2002-03-27  |f 1  |i snkČSP 307/69  |l 0  |o snkČSC 1248/3/1968  |p 17A0337573  |r 2005-01-02 00:00:00  |t č. 1-2  |w 2026-02-21  |y PREZ 
952 |0 0  |1 0  |4 0  |7 0  |a SNK  |b SNK  |d 1997-10-03  |l 0  |o snkČSC 1248/30/1995 D1  |p 17A0101232  |r 2005-01-02 00:00:00  |t č. 1-2  |w 2026-02-21  |y PREZ 
952 |0 0  |1 0  |4 0  |7 0  |a SNK  |b SNK  |d 1997-10-13  |f 1  |i snkČSP 1260/76  |l 0  |o snkČSC 1248/12/1977  |p 17A0102845  |r 2005-01-02 00:00:00  |t č. 1-2  |w 2026-02-21  |y PREZ 
952 |0 0  |1 0  |4 0  |7 0  |a SNK  |b SNK  |d 2002-05-31  |l 0  |o snkČSC 1248/12/1977 D1  |p 17A0344644  |r 2005-01-02 00:00:00  |t č. 1-2  |w 2026-02-21  |y PREZ 
952 |0 0  |1 0  |4 0  |7 0  |a SNK  |b SNK  |d 1997-10-13  |f 1  |i snkČSP 1263/77  |l 0  |o snkČSC 1248/11/1976  |p 17A0102591  |r 2005-01-02 00:00:00  |t č. 1-2  |w 2026-02-21  |y PREZ 
952 |0 0  |1 0  |4 0  |7 0  |a SNK  |b SNK  |d 2001-03-02  |l 0  |o snkČSC 1248/11/1976 D1  |p 17A0267456  |r 2005-01-02 00:00:00  |t č. 1-2  |w 2026-02-21  |y PREZ 
952 |0 0  |1 0  |4 0  |7 0  |a SNK  |b SNK  |d 1997-10-13  |f 1  |i snkČSP 115/78  |l 0  |o snkČSC 1248/10/1975  |p 17A0102375  |r 2005-01-02 00:00:00  |t č. 1-2  |w 2026-02-21  |y PREZ 
952 |0 0  |1 0  |4 0  |7 0  |a SNK  |b SNK  |d 1997-10-13  |f 1  |i snkČSP 861/77  |l 0  |o snkČSC 1248/9/1974  |p 17A0102374  |r 2005-01-02 00:00:00  |t č. 1-2  |w 2026-02-21  |y PREZ 
952 |0 0  |1 0  |4 0  |7 0  |a SNK  |b SNK  |d 2003-01-29  |l 0  |o snkČSC 1248/9/1974 D1  |p 17A0370801  |r 2005-01-02 00:00:00  |t č. 1-2  |w 2026-02-21  |y PREZ 
952 |0 0  |1 0  |4 0  |7 0  |a SNK  |b SNK  |d 2000-11-13  |l 0  |o snkČSC 1248/31/1996 D1  |p 17A0257466  |r 2005-01-02 00:00:00  |t č. 1-2  |w 2026-02-21  |y PREZ 
952 |0 0  |1 0  |4 0  |7 0  |a SNK  |b SNK  |d 2000-10-27  |l 0  |o snkČSC 1248/16/1981 D1  |p 17A0255610  |r 2005-01-02 00:00:00  |t č. 1-2  |w 2026-02-21  |y PREZ 
952 |0 0  |1 0  |4 0  |7 0  |a SNK  |b SNK  |d 2001-01-03  |l 0  |o snkČSC 1248/32/1997 D1  |p 17A0263698  |r 2005-01-02 00:00:00  |w 2026-02-21  |y PREZ 
952 |0 0  |1 0  |4 0  |7 0  |a SNK  |b SNK  |d 2002-09-09  |l 0  |o snkČSC 1248/34/1999 D1  |p 17A0355355  |r 2005-01-02 00:00:00  |t č. 1-2  |w 2026-02-21  |y PREZ 
952 |0 0  |1 0  |4 0  |7 0  |a SNK  |b SNK  |d 2003-03-04  |l 0  |o snkČSC 1248/33/1998 D1  |p 17A0376367  |r 2005-01-02 00:00:00  |t č. 1-2  |w 2026-02-21  |y PREZ 
952 |0 0  |1 0  |4 0  |7 0  |a SNK  |b SNK  |d 2001-02-17  |f 1  |i snkČSP 811/83  |l 0  |o snkČSC 1248/17/1982  |p 17A0268262  |r 2005-01-02 00:00:00  |t č. 1-2  |w 2026-02-21  |y PREZ 
952 |0 0  |1 0  |4 0  |7 0  |a SNK  |b SNK  |d 2001-05-02  |l 0  |o snkČSC 1248/17/1982 D1  |p 17A0299217  |r 2005-01-02 00:00:00  |t č. 1-2  |w 2026-02-21  |y PREZ 
952 |0 0  |1 0  |4 0  |7 0  |a SNK  |b SNK  |d 1998-03-12  |f 1  |l 0  |o snkČSC 1248/19/1984  |p 17A0127651  |r 2005-01-02 00:00:00  |t č. 1-2  |w 2026-02-21  |y PREZ 
952 |0 0  |1 0  |4 0  |7 0  |a SNK  |b SNK  |d 2002-11-30  |l 0  |o snkČSC 1248/19/1984 D1  |p 17A0366381  |r 2005-01-02 00:00:00  |t č. 1-2  |w 2026-02-21  |y PREZ 
952 |0 0  |1 0  |4 0  |7 0  |a SNK  |b SNK  |d 1998-05-26  |i snkČSP 609/84  |l 0  |o snkČSC 1248/18/1983 D1  |p 17A0142412  |r 2005-01-02 00:00:00  |t č. 1-2  |w 2026-02-21  |y PREZ 
952 |0 0  |1 0  |4 0  |7 0  |a SNK  |b SNK  |d 1999-06-14  |f 1  |l 0  |o snkČSC 1248/18/1983  |p 17A0196180  |r 2005-01-02 00:00:00  |t č. 1-2  |w 2026-02-21  |y PREZ 
952 |0 0  |1 0  |4 0  |7 0  |a SNK  |b SNK  |d 2001-03-30  |i snkČSP 493/93  |l 0  |o snkČSC 1248/26/1991 D1  |p 17A0294667  |r 2005-01-02 00:00:00  |t č. 1-2  |w 2026-02-21  |y PREZ 
952 |0 0  |1 0  |4 0  |7 0  |a SNK  |b SNK  |d 2001-05-02  |f 1  |l 0  |o snkČSC 1248/26/1991  |p 17A0299113  |r 2005-01-02 00:00:00  |t č. 1-2  |w 2026-02-21  |y PREZ 
952 |0 0  |1 0  |4 0  |7 0  |a SNK  |b SNK  |d 2001-06-29  |f 1  |l 0  |o snkČSC 1248/38/1997  |p 17A0304259  |r 2005-01-02 00:00:00  |t č. 1-2  |w 2026-02-21  |y PREZ 
952 |0 0  |1 0  |4 0  |7 0  |a SNK  |b SNK  |d 2001-06-20  |f 1  |i snkČSP 908/72  |l 0  |o snkČSC 1248/6/1971  |p 17A0304661  |r 2005-01-02 00:00:00  |t č. 1-2  |w 2026-02-21  |y PREZ 
952 |0 0  |1 0  |4 0  |7 0  |a SNK  |b SNK  |d 2001-06-20  |f 1  |i snkČSP 932/70  |l 0  |o snkČSC 1248/4/1969  |p 17A0299695  |r 2005-01-02 00:00:00  |t č. 1-2  |w 2026-02-21  |y PREZ 
952 |0 0  |1 0  |4 0  |7 0  |a SNK  |b SNK  |d 2003-09-17  |i snkČSP 221/71  |l 0  |o snkČSC 1248/4/1969 D1  |p 17A0397017  |r 2005-01-02 00:00:00  |t č. 1-2  |w 2026-02-21  |y PREZ  |z č. 1-2 
952 |0 0  |1 0  |4 0  |7 0  |a SNK  |b SNK  |d 2004-11-04  |i snkČSP 548/72  |l 0  |o snkČSC 1248/5/1970 D1  |p 17A0447530  |r 2005-01-02 00:00:00  |t č. 1-2  |w 2026-02-21  |y PREZ 
952 |0 0  |1 0  |4 0  |7 0  |a SNK  |b SNK  |d 2001-06-20  |i snkČSP 707/68  |l 0  |o snkČSC 1248/1/1966  |p 17A0299477  |r 2005-01-02 00:00:00  |t č. 1-2  |w 2026-02-21  |y PREZ 
952 |0 0  |1 0  |4 0  |7 0  |a SNK  |b SNK  |d 2003-05-26  |f 1  |i snkČSP 869/71  |l 0  |o snkČSC 1248/5/1970  |p 17A0383908  |r 2005-01-02 00:00:00  |t č. 1-2  |w 2026-02-21  |y PREZ 
952 |0 0  |1 0  |4 0  |7 0  |a SNK  |b SNK  |d 2003-09-17  |i snkČSP 1419/67  |l 0  |o snkČSC 1248/1/1966 D1  |p 17A0397016  |r 2005-01-02 00:00:00  |t č. 1-2  |w 2026-02-21  |y PREZ  |z č. 1-2 
952 |0 0  |1 0  |4 0  |7 0  |a SNK  |b SNK  |d 2004-11-13  |i snkČSP 1356/2002  |l 0  |o snkČSC 1248/35/2000 D1  |p 17A0448275  |r 2005-01-02 00:00:00  |t č. 1-2  |w 2026-02-21  |y PREZ 
952 |0 0  |1 0  |4 0  |7 0  |a SNK  |b SNK  |d 2004-11-18  |i snkČSP 499/74  |l 0  |o snkČSC 1248/6/1971 D1  |p 17A0447603  |r 2005-01-02 00:00:00  |t č. 1-2  |w 2026-02-21  |y PREZ 
952 |0 0  |1 0  |4 0  |7 0  |a SNK  |b SNK  |d 2001-06-20  |f 1  |l 0  |o snkČSC 1248/16/1981  |p 17A0299851  |r 2005-01-02 00:00:00  |t č. 1-2  |w 2026-02-21  |y PREZ 
952 |0 0  |1 0  |4 0  |7 0  |a SNK  |b SNK  |d 2001-08-06  |f 1  |i snkČSP 4947/87  |l 0  |o snkČSC 1248/21/1986  |p 17A0309251  |r 2005-01-02 00:00:00  |t č. 1-2  |w 2026-02-21  |y PREZ 
952 |0 0  |1 0  |4 0  |7 0  |a SNK  |b SNK  |d 2001-08-06  |f 1  |i snkČSP 2569/86  |l 0  |o snkČSC 1248/20/1985  |p 17A0309253  |r 2005-01-02 00:00:00  |t č. 1-2  |w 2026-02-21  |y PREZ 
952 |0 0  |1 0  |4 0  |7 0  |a SNK  |b SNK  |d 2002-11-04  |l 0  |o snkČSC 1248/20/1985 D1  |p 17A0362790  |r 2005-01-02 00:00:00  |t č. 1-2  |w 2026-02-21  |y PREZ 
952 |0 0  |1 0  |4 0  |7 0  |a SNK  |b SNK  |d 2001-09-06  |f 1  |i snkČSP 43/75  |l 0  |o snkČSC 1248/8/1973  |p 17A0311363  |r 2005-01-02 00:00:00  |t č. 1-2  |w 2026-02-21  |y PREZ 
952 |0 0  |1 0  |4 0  |7 0  |a SNK  |b SNK  |d 2008-10-24  |i snkČSP 116/78  |l 0  |o snkČSC 1248/10/1979 D1  |p 17A0603527  |r 2026-02-21 21:01:30  |t č. 1-2  |w 2026-02-21  |y PREZ 
952 |0 0  |1 0  |4 0  |7 0  |a SNK  |b SNK  |d 2005-02-21  |f 1  |i snkČSP 3467/99  |l 0  |o snkČSC 1248/31/1996  |p 17A0454475  |r 2026-02-21 21:10:17  |t č. 1-2  |w 2026-02-21  |y PREZ 
952 |0 0  |1 0  |3 rekatalogizácia  |4 0  |7 0  |a SNK  |b SNK  |d 2005-01-17  |i snkČSP 707/80  |l 0  |o snkČSC 1248/13/1978 D1  |p 17A0454928  |r 2026-02-21 21:20:29  |t č. 1-2  |w 2026-02-21  |y PREZ 
952 |0 0  |1 0  |4 0  |7 0  |8 0  |a SNK  |b SNK  |d 2007-11-06  |f 1  |i snk2007/23932  |l 0  |o snkČSC 1248/36/2001  |p 17A0556793  |r 2026-02-21 21:22:38  |t č. 1-2  |w 2026-02-21  |y PREZ 
952 |0 0  |1 0  |4 0  |7 0  |8 0  |a SNK  |b SNK  |d 2007-11-06  |i snk2007/23933  |l 0  |o snkČSC 1248/36/2001 D1  |p 17A0556794  |r 2026-02-21 21:22:38  |t č. 1-2  |w 2026-02-21  |y PREZ 
952 |0 0  |1 0  |4 0  |7 0  |8 0  |a SNK  |b SNK  |d 2007-11-06  |f 1  |i snk2007/23934  |l 0  |o snkČSC 1248/37/2002  |p 17A0556795  |r 2026-02-21 21:22:38  |t č. 1-2  |w 2026-02-21  |y PREZ 
952 |0 0  |1 0  |4 0  |7 0  |8 0  |a SNK  |b SNK  |d 2007-11-06  |i snk2007/23935  |l 0  |o snkČSC 1248/37/2002 D1  |p 17A0556796  |r 2026-02-21 21:22:38  |t č. 1-2  |w 2026-02-21  |y PREZ 
952 |0 0  |1 0  |4 0  |7 0  |8 0  |a SNK  |b SNK  |d 2007-11-06  |f 1  |i snk2007/23936  |l 0  |o snkČSC 1248/38/2003  |p 17A0556797  |r 2026-02-21 21:22:38  |t č. 1-2  |w 2026-02-21  |y PREZ 
952 |0 0  |1 0  |4 0  |7 0  |8 0  |a SNK  |b SNK  |d 2007-11-06  |i snk2007/23937  |l 0  |o snkČSC 1248/38/2003 D1  |p 17A0556798  |r 2026-02-21 21:22:38  |t č. 1-2  |w 2026-02-21  |y PREZ 
952 |0 0  |1 0  |4 0  |7 0  |8 0  |a SNK  |b SNK  |d 2007-11-06  |f 1  |i snk2007/23938  |l 0  |o snkČSC 1248/39/2004  |p 17A0556799  |r 2026-02-21 21:22:38  |t č. 1-2  |w 2026-02-21  |y PREZ 
952 |0 0  |1 0  |4 0  |7 0  |8 0  |a SNK  |b SNK  |d 2007-11-06  |i snk2007/23939  |l 0  |o snkČSC 1248/39/2004 D1  |p 17A0556800  |r 2026-02-21 21:22:38  |t č. 1-2  |w 2026-02-21  |y PREZ 
952 |0 0  |1 0  |4 0  |7 0  |8 0  |a SNK  |b SNK  |d 2007-11-06  |f 1  |i snk2007/23940  |l 0  |o snkČSC 1248/40/2005  |p 17A0556801  |r 2026-02-21 21:22:38  |t č. 1-2  |w 2026-02-21  |y PREZ 
952 |0 0  |1 0  |4 0  |7 0  |8 0  |a SNK  |b SNK  |d 2007-11-06  |i snk2007/23941  |l 0  |o snkČSC 1248/40/2005 D1  |p 17A0556802  |r 2026-02-21 21:22:38  |t č. 1-2  |w 2026-02-21  |y PREZ 
952 |0 0  |1 0  |3 rekatalogizácia  |4 0  |7 0  |a SNK  |b SNK  |d 2009-02-12  |f 1  |i snkČSP 3471/99  |l 0  |o snkČSC 1248/33/1998  |p 17A0611578  |r 2026-02-21 21:30:09  |t č. 1-2  |w 2026-02-21  |y PREZ 
952 |0 0  |1 0  |4 0  |7 0  |8 0  |a SNK  |b SNK  |d 2013-09-20  |i snk2013/22046  |l 0  |o snkČSC 1248/44/2009 D1  |p 17A1085751  |r 2026-02-21 21:31:39  |t č. 1-2  |w 2026-02-21  |y PREZ 
952 |0 0  |1 0  |4 0  |7 0  |8 0  |a SNK  |b SNK  |d 2013-09-20  |f 1  |i snk2013/22049  |l 0  |o snkČSC 1248/45/2010  |p 17A1085752  |r 2026-02-21 21:31:39  |t č. 1-2  |w 2026-02-21  |y PREZ 
952 |0 0  |1 0  |4 0  |7 0  |8 0  |a SNK  |b SNK  |d 2013-09-20  |i snk2013/22052  |l 0  |o snkČSC 1248/45/2010 D1  |p 17A1085753  |r 2026-02-21 21:31:39  |t č. 1-2  |w 2026-02-21  |y PREZ 
952 |0 0  |1 0  |4 0  |7 0  |8 0  |a SNK  |b SNK  |d 2013-09-20  |f 1  |i snk2013/22055  |l 0  |o snkČSC 1248/46/2011  |p 17A1085754  |r 2026-02-21 21:31:39  |t č. 1-2  |w 2026-02-21  |y PREZ 
952 |0 0  |1 0  |4 0  |7 0  |8 0  |a SNK  |b SNK  |d 2013-09-20  |f 1  |i snk2013/22059  |l 0  |o snkČSC 1248/47/2012  |p 17A1085756  |r 2026-02-21 21:31:39  |t č. 1-2  |w 2026-02-21  |y PREZ 
952 |0 0  |1 0  |4 0  |7 0  |a SNK  |b SNK  |d 1999-05-14  |f 1  |l 0  |o snkČSC 1248/23/1988  |p 17A0193502  |r 2005-01-02 00:00:00  |t č. 1-2  |w 2026-02-21  |y PREZ 
952 |0 0  |1 0  |4 0  |7 0  |a SNK  |b SNK  |d 2003-03-05  |l 0  |o snkČSC 1248/23/1988 D1  |p 17A0376411  |r 2005-01-02 00:00:00  |t č. 1-2  |w 2026-02-21  |y PREZ 
952 |0 0  |1 0  |4 0  |7 0  |a SNK  |b SNK  |d 1999-06-15  |f 1  |l 0  |o snkČSC 1248/27/1992  |p 17A0196952  |r 2005-01-02 00:00:00  |t č. 1-2  |w 2026-02-21  |y PREZ 
952 |0 0  |1 0  |4 0  |7 0  |8 0  |a SNK  |b SNK  |d 2017-11-20  |i snk2017/25527  |l 0  |o snkČSC 1248/48/2013 D1  |p 17A1264968  |r 2026-02-21 22:12:18  |t č. 1-2  |w 2026-02-21  |y PREZ